[Event "Teresina op 7th"]
[Site "Teresina"]
[Date "2019.08.04"]
[Round "6"]
[White "Pacifico, Joao Paulo Alves"]
[Black "Luz, Henrique Fernandes"]
[Result "1/2-1/2"]
[WhiteElo "1221"]
[BlackElo "1728"]
[PlyCount "61"]
[EventDate "2019.08.02"]
[EventType "swiss"]
[EventRounds "6"]
[EventCountry "BRA"]
[SourceTitle "EXT 2020"]
[Source "ChessBase"]
[SourceDate "2019.10.17"]
[SourceVersion "1"]
[SourceVersionDate "2019.10.17"]
[SourceQuality "1"]

1. d4 Nf6 2. Nf3 g6 3. Bf4 Bg7 4. e3 0-0 5. Be2 d6 6. 0-0 c5 7. c3 a5 8. Nbd2 b6 9. Re1 Bb7 10. h3 Ne4 11. Nxe4 Bxe4 12. Nd2 Bf5 13. Bg4 Bd7 14. Bxd7 Nxd7 15. Nf3 e5 16. Bg5 Qb8 17. dxe5 Nxe5 18. Nxe5 Bxe5 19. Qd2 Rd8 20. Bxd8 Qxd8 21. Rad1 Ra7 22. f4 Bf6 23. Qd3 Bh4 24. Re2 Bg3 25. Red2 Rd7 26. Qe4 Qe7 27. Qf3 Bh4 28. Rd5 Qe6 29. f5 Qe8 30. fxg6 fxg6 31. R5d3 1/2-1/2

[Event "Teresina op 7th"]
[Site "Teresina"]
[Date "2019.08.03"]
[Round "3"]
[White "Freitas, Samuel Douglas de S"]
[Black "Pacifico, Joao Paulo Alves"]
[Result "0-1"]
[WhiteElo "1755"]
[BlackElo "1221"]
[PlyCount "25"]
[EventDate "2019.08.02"]
[EventType "swiss"]
[EventRounds "6"]
[EventCountry "BRA"]
[SourceTitle "EXT 2020"]
[Source "ChessBase"]
[SourceDate "2019.10.17"]
[SourceVersion "1"]
[SourceVersionDate "2019.10.17"]
[SourceQuality "1"]

1. d4 d5 2. Bf4 Nf6 3. e3 Bf5 4. Bd3 Bxd3 5. cxd3 e6 6. Nd2 Bd6 7. Bxd6 Qxd6 8. Ngf3 c5 9. Rc1 Nbd7 10. h3 0-0 11. Ne5 Nxe5 12. dxe5 Qxe5 13. 0-0 0-1

[Event "Teresina op 7th"]
[Site "Teresina"]
[Date "2019.08.02"]
[Round "1"]
[White "Amorim, Gidelson Ferreira"]
[Black "Pacifico, Joao Paulo Alves"]
[Result "1-0"]
[WhiteElo "2044"]
[BlackElo "1221"]
[PlyCount "49"]
[EventDate "2019.08.02"]
[EventType "swiss"]
[EventRounds "6"]
[EventCountry "BRA"]
[SourceTitle "EXT 2020"]
[Source "ChessBase"]
[SourceDate "2019.10.17"]
[SourceVersion "1"]
[SourceVersionDate "2019.10.17"]
[SourceQuality "1"]

1. e4 e5 2. Nf3 Nc6 3. Bc4 Bc5 4. 0-0 Nf6 5. d4 Nxd4 6. Nxe5 0-0 7. Be3 d6 8. Nxf7 Rxf7 9. Bxf7+ Kxf7 10. Bxd4 Bxd4 11. Qxd4 Qe7 12. Nc3 b6 13. Rfe1 c5 14. Qd3 Bb7 15. Rad1 Rd8 16. e5 Ng4 17. Qf5+ Nf6 18. exf6 Qxf6 19. Qxf6+ gxf6 20. Nd5 Bxd5 21. Rxd5 Rd7 22. c4 a6 23. a4 Re7 24. Rxe7+ Kxe7 25. Rh5 1-0